• AIU
  • Tony Wilmot Memorial Library

Excellence and renewal : (Record no. 53099)

MARC details
000 -LEADER
fixed length control field 00958cam a2200289 a 4500
001 - CONTROL NUMBER
control field 4470191
005 - DATE AND TIME OF LATEST TRANSACTION
control field 20140501020005.0
008 - FIXED-LENGTH DATA ELEMENTS--GENERAL INFORMATION
fixed length control field 891204s1989 enk b 000 0 eng d
020 ## - INTERNATIONAL STANDARD BOOK NUMBER
International Standard Book Number 0853644764 (pbk) :
035 ## - SYSTEM CONTROL NUMBER
System control number (OCoLC)23063443
035 ## - SYSTEM CONTROL NUMBER
System control number (OCoLC)ocm23063443
035 ## - SYSTEM CONTROL NUMBER
System control number (NNC)4470191
040 ## - CATALOGING SOURCE
Original cataloging agency Uk
Transcribing agency Uk
Modifying agency DLC
-- CStRLIN
-- NNUT
043 ## - GEOGRAPHIC AREA CODE
Geographic area code n------
090 ## - LOCALLY ASSIGNED LC-TYPE CALL NUMBER (OCLC); LOCAL CALL NUMBER (OCLC)
Classification number (OCLC) (R) ; Classification number, CALL (RLIN) (NR) BV4140.N6
Local cutter number (OCLC) ; Book number/undivided call number, CALL (RLIN) E82 1989
245 00 - TITLE STATEMENT
Title Excellence and renewal :
Remainder of title goals for the accreditation of theological education /
Statement of responsibility, etc editor, Robert L. Youngblood.
260 ## - PUBLICATION, DISTRIBUTION, ETC. (IMPRINT)
Place of publication, distribution, etc Exeter, U.K. :
Name of publisher, distributor, etc Paternoster Press,
Date of publication, distribution, etc 1989.
300 ## - PHYSICAL DESCRIPTION
Extent v, 90 p. ;
Dimensions 22 cm.
504 ## - BIBLIOGRAPHY, ETC. NOTE
Bibliography, etc Bibliography: p. 78-79.
650 #0 - SUBJECT ADDED ENTRY--TOPICAL TERM
Topical term or geographic name as entry element Theology
General subdivision Study and teaching.
9 (RLIN) 11532
650 #0 - SUBJECT ADDED ENTRY--TOPICAL TERM
Topical term or geographic name as entry element Religious education.
9 (RLIN) 11533
700 1# - ADDED ENTRY--PERSONAL NAME
Personal name Youngblood, Robert L.
9 (RLIN) 11534
710 2# - ADDED ENTRY--CORPORATE NAME
Corporate name or jurisdiction name as entry element World Evangelical Fellowship.
710 2# - ADDED ENTRY--CORPORATE NAME
Corporate name or jurisdiction name as entry element International Council of Accrediting Agencies.
9 (RLIN) 11535
942 ## - ADDED ENTRY ELEMENTS (KOHA)
Source of classification or shelving scheme Library of Congress Classification
Item type Books
Koha issues (borrowed), all copies 1
Holdings
Withdrawn status Lost status Source of classification or shelving scheme Damaged status Not for loan Collection code Home library Current library Shelving location Date acquired Cost, normal purchase price Total Checkouts Full call number Barcode Date last seen Date last borrowed Price effective from Koha item type
    Library of Congress Classification     General Circulation AIU/NEGST - Tony Wilmot Memorial Library AIU/NEGST - Tony Wilmot Memorial Library General Stacks 01/28/2012 4.95 2 BV 4140.E82 1989 R08096K3232 09/26/2019 04/30/2014 01/28/2012 Books